Moving ahead with Redd: issues,options and implications. (Record no. 51736)

MARC details
000 -LEADER
fixed length control field 00724nam a2200181 a 4500
008 - FIXED-LENGTH DATA ELEMENTS--GENERAL INFORMATION
fixed length control field 100602s2008 ||||||||||||||||| || u
020 ## - INTERNATIONAL STANDARD BOOK NUMBER
International Standard Book Number 9789791412766
050 ## - LIBRARY OF CONGRESS CALL NUMBER
Classification number CIFOR(02)
100 ## - MAIN ENTRY--PERSONAL NAME
Personal name Angelsen, Arild
245 10 - TITLE STATEMENT
Title Moving ahead with Redd: issues,options and implications.
Statement of responsibility, etc. Edited by Arild Angelsen
260 ## - PUBLICATION, DISTRIBUTION, ETC.
Place of publication, distribution, etc. Bogor Barat (Indinesia)
Name of publisher, distributor, etc. CIFOR
Date of publication, distribution, etc. 2008
300 ## - PHYSICAL DESCRIPTION
Extent xii, 156p. ill
350 ## - PRICE (NR) (BK AM CF MU VM SE) [OBSOLETE]
Price 0.00
650 ## - SUBJECT ADDED ENTRY--TOPICAL TERM
Topical term or geographic name entry element DEFORESTATION--CONTROL
650 ## - SUBJECT ADDED ENTRY--TOPICAL TERM
Topical term or geographic name entry element CLIMATE CHANGE--COMESA
710 ## - ADDED ENTRY--CORPORATE NAME
Corporate name or jurisdiction name as entry element Centre for International Forestry Research (CIFOR)
995 ## - RECOMMENDATION 995 [LOCAL, UNIMARC FRANCE]
-- 0.00
-- CBU-MAIN LIBRARY (Kitwe)
-- 1
-- 0.00
-- 1
-- AVAILABLE
-- Aug 9, 2010
-- International Publications
Holdings
Withdrawn status Lost status Source of classification or shelving scheme Damaged status Not for loan Home library Current library Shelving location Date acquired Total Checkouts Full call number Barcode Date last seen Price effective from Koha item type
          CBU-MAIN LIBRARY, KITWE. CBU-MAIN LIBRARY, KITWE.   11/30/2022   CIFOR(02) 9789791412766 11/30/2022 11/30/2022 MONOGRAPH